| 000 -ლიდერი |
| ფიქსირებული სიგრძის საკონტროლო ველი |
01231nam a22002177a 4500 |
| 003 - საკონტროლო ნომრის იდენტიფიკატორი |
| საკონტროლო ველი |
Ge_BSU |
| 005 - ბოლო ოპერაციის თარიღი და დრო |
| საკონტროლო ველი |
20221007125856.0 |
| 008 - ფიქსირებული სიგრძის მონაცემთა ელემენტები - ზოგადი ინფორმაცია |
| ფიქსირებული სიგრძის საკონტროლო ველი |
221007s1996 ge ||||| |||| 00| 0 geo d |
| 041 ## - ენის კოდი |
| Language code of text/sound track or separate title |
geo |
| 080 ## - უნივერსალური ათობითი კლასიფიკაციის ინდექსი |
| Universal Decimal Classification number |
1(479.22)(09) ქ-27 |
| 245 ## - ცნობა სათაურის შესახებ |
| Title |
ქართული ფილოსოფიური აზრის ისტორია : |
| Remainder of title |
ტ. 1, IV-XII საუკუნეები / |
| Statement of responsibility, etc |
[რედ.: შ. ხიდაშელი, მ. მახარაძე] ; საქ. მეცნ. აკად., ფილოსოფიის ინ-ტი. |
| 264 ## - წარმოების, გამოცემის, დისტრიბუციის და სხვა ცნობები |
| გამოცემის, წარმოების, დისტრიბუციის... ადგილი |
თბილისი : |
| გამოცემის, წარმოების, დისტრიბუციის... სახელწოდება |
მეცნიერება, |
| გამოცემის, წარმოების, დისტრიბუციის... თარიღი |
1996. |
| 300 ## - ფიზიკური აღწერა |
| Extent |
432 გვ.; |
| Other physical details |
20 სმ. |
| 500 ## - ზოგადი შენიშვნა |
| General note |
შენიშვნები: გვ. 400-429. |
| 653 ## - INDEX TERM--UNCONTROLLED |
| Uncontrolled term |
ქართული ფილოსოფიის ისტორია |
| 653 ## - INDEX TERM--UNCONTROLLED |
| Uncontrolled term |
ფილოსოფია |
| 700 ## - ADDED ENTRY--PERSONAL NAME |
| Personal name |
ხიდაშელი, შ. |
| Relator term |
რედაქტორი |
| 9 (RLIN) |
3726 |
| 700 ## - ADDED ENTRY--PERSONAL NAME |
| Personal name |
მახარაძე, მ. |
| Relator term |
რედაქტორი. |
| 9 (RLIN) |
15145 |
| 710 ## - ADDED ENTRY--CORPORATE NAME |
| Corporate name or jurisdiction name as entry element |
საქართველოს მეცნიერებათა აკადემია. ფილოსოფიის ინსტიტუტი |
| 9 (RLIN) |
15091 |
| 942 ## - ADDED ENTRY ELEMENTS (KOHA) |
| Source of classification or shelving scheme |
|
| Koha item type |
წიგნი |